Riconosci la Squadra di calcio - Quiz n°101 - Statistics

Statistiche generali
  • Questo quiz è stato fatto 18 volte
  • Il punteggio medio è 7 su 10
Statistiche sulle risposte
Indizio Risposta % Corretto
Titoli nazionali 3 Titoli del Brasile
100%
Colori sociali Bianco, nero
93%
Simboli Giallo
79%
Divisione nazionale 2023-2024 Prima
71%
Confederazione CONMEBOL
64%
Fondazione 1908
57%
Trofei internazionali 1 Coppe Libertadores
1 Recopa Sudamericana
2 Coppe CONMEBOL
57%
Trofei nazionali 2 Coppe del Brasile1 Supercoppa del Brasile
57%
Capienza Stadio 35 547 posti
57%
Squadra Atlético Mineiro
43%
Nessun quiz corrispondente trovato
Distribuzione punteggi
Percentuale di utenti per punteggio
Percentile per numero di risposta
I tuoi punteggi nel tempo
Non hai fatto questo quiz